1230 1123 1857 1411 1221 1218 1222 1123 1473 1496 1677 1744 1985 1882 1981 1027 1270 1480 1001 1156 1119 1524 1920 1652 1681 1579 1534 1624 1555 1709 1658 1747 1887 1055 1118 1110 1588 1579 1281 1901 1379 1320 1802 1432 1451 1893 1877 1037 1866 1651 1306 1221 1396 1402 1032 1640 1783 1325 1905 1942 1898 1465 1473 1537 1596 1323 1949 1796 1346 1021 1501 1790 1622 1868 1872 1882 1644 1544 1849 1456 1267 1346 1324 1560 1340 1049 1243 1123 1955 1391 1801 1596 1620 1561 1219 1913 1797 1703 1402 BCNSPRNW ULIB Ver.6.0+V

เปลี่ยนเป็นภาษาไทย

Change to English
 แสดงรายละเอียดบรรณานุกรม
  กลับหน้าหลัก

Brief Record : Get Marc (ISO 2709) : E-mail record : QR code < ปิดหน้าต่าง
LEADER : 00000nam 2200000uu 4500
001    13399111836
003     ULIB
008    110627s2552||||th 000 0 tha d
020    9789749935583
090    นว.^bภ478ต 2552
100 0  ภาวิน
245 00 ตะวันฉายในม่านเมฆ/^cภาวิน
250    พิมพ์ครั้งที่ 1
260    กรุงเทพฯ :^bอรุณ,^c2552
300    344 หน้า
945    ^p229^l0^i028080
995    ทศพร
999 ^a ใช้งานได้ทุกระบบ
รายการนี้ยังไม่มีแท็ก
คุณยังไม่ได้ล็อกอิน คุณสามารถมีกิจกรรมร่วมกับเว็บไซต์ได้ แต่ต้องล็อกอินก่อน ::
  ล็อกอิน

รายการสื่อสารสนเทศ

ลำดับที่ ประเภท เลขเรียก/บาร์โค้ด สถานที่ สถานะ
- ไม่พบข้อมูล -

รายการใกล้เคียง
    ผู้แต่ง [ภาวิน]

BibComment


ยังไม่เคยถูกคอมเมนท์

คอมเมนท์ทรัพยากรรายการนี้
  คอมเมนท์: ตะวันฉายในม่านเมฆ..


 Copyright 2026. Bcnsprnw @Library